000 00573nam a2200193Ia 4500
003 GCL
008 140319s9999 xx 000 0 ara d
040 _aGCL /
_cGCL
082 0 4 _a810.1
_bس ع
100 1 _aسيد البحراوى
245 1 0 _aعلم اجتماع الادب /
_cسيد البحراوى
260 _a[S.N] :
_bالشركة المصرية العالمية للنشر ،
_c1992
300 _a67 ص
490 _aسلسلة ادبيات
_v0
650 0 4 _aالادب العربى
650 0 4 _aفلسفة
650 0 4 _aالبحوث
942 _2ddc
_cBK
999 _c32942
_d32942